| 000 -LEADER |
| fixed length control field |
00743cam a2200241 a 4500 |
| 020 ## - INTERNATIONAL STANDARD BOOK NUMBER |
| ISBN |
0780304438 |
| 040 ## - CATALOGING SOURCE |
| Transcribing agency |
DLC |
| 082 00 - DEWEY DECIMAL CLASSIFICATION NUMBER |
| Classification number |
629 IEE 1994 A048 Or. |
| 245 00 - TITLE STATEMENT |
| Title |
Numerical linear algebra techniques for systems and control / |
| 260 ## - PUBLICATION, DISTRIBUTION, ETC. (IMPRINT) |
| Place of publication |
Piscataway, NJ : |
| Name of publisher |
IEEE Press, |
| Year of publication |
c1994. |
| 300 ## - PHYSICAL DESCRIPTION |
| Number of Pages |
xi, 724 p. : |
| Other physical details |
ill. ; |
| Dimensions |
29 cm. |
| 500 ## - GENERAL NOTE |
| General note |
"IEEE Control Systems Society, sponsor." |
| 500 ## - GENERAL NOTE |
| General note |
"A selected reprint volume." |
| 500 ## - GENERAL NOTE |
| General note |
"IEEE order number: PC0340-0"--T.p. verso. |
| 650 #0 - SUBJECT ADDED ENTRY--TOPICAL TERM |
| Topical Term |
Algebras, Linear. |
| 650 #0 - SUBJECT ADDED ENTRY--TOPICAL TERM |
| Topical Term |
Numerical calculations. |
| 650 #0 - SUBJECT ADDED ENTRY--TOPICAL TERM |
| Topical Term |
Control theory. |
| 700 1# - ADDED ENTRY--PERSONAL NAME |
| Personal name |
Patel, R. V. |
| 700 1# - ADDED ENTRY--PERSONAL NAME |
| Personal name |
Laub, Alan J., |
| 700 1# - ADDED ENTRY--PERSONAL NAME |
| Personal name |
Dooren, Paul van. |
| 710 2# - ADDED ENTRY--CORPORATE NAME |
| Corporate name or jurisdiction name as entry element |
IEEE Control Systems Society. |
| 942 ## - ADDED ENTRY ELEMENTS (KOHA) |
| Koha item type |
សៀវភៅភាសាអង់គ្លេស |
| 952 ## - LOCATION AND ITEM INFORMATION (KOHA) |
| Withdrawn status [LOCAL, KOHA] |
0 |